000 00309 a2200145 4500
001 171571
020 _a
040 _cMagnum
100 _aMazzetti, Maria
240 1 0 _aEstá quente, está frio
_lpor
245 1 0 _aEstá quente, está frio
300 _a12
697 _aLITERATURA INFANTO
942 _cBK
999 _c171571
_d171571